Reunión de Padre Hurtado: encuentro de obispos y sacerdotes
Gespeichert in:
| 1. Verfasser: | |
|---|---|
| Format: | Buch |
| Sprache: | Spanisch |
| Veröffentlicht: |
Santiago
Secretaría General del Episcopado
1967
|
| Schlagworte: | |
| Tags: |
Tag hinzufügen
Keine Tags, Fügen Sie den ersten Tag hinzu!
|
MARC
| LEADER | 00000nam a2200000 a 4500 | ||
|---|---|---|---|
| 001 | UCL5401 | ||
| 003 | CL-VaPUC | ||
| 005 | 20250103100417.0 | ||
| 008 | 040312e19670000cl 1 spa d | ||
| 082 | 0 | 4 | |a 262.142 |b GAR |2 21 |
| 100 | 1 | |a Garfias, Mario |e author |9 620553 | |
| 245 | 1 | 0 | |a Reunión de Padre Hurtado: encuentro de obispos y sacerdotes |
| 260 | |a Santiago |b Secretaría General del Episcopado |c 1967 | ||
| 300 | |a 50 p | ||
| 500 | |a Donación Padres Capuchinos | ||
| 583 | |a last modification |c 20190823 03:10:13 |k Rodrigo Vera | ||
| 650 | 0 | 7 | |a CONFERENCIA EPISCOPAL |2 CL-VaPUC |9 578114 |
| 650 | 0 | 0 | |a Clero |9 257091 |
| 650 | 0 | 0 | |a Congresos |9 257560 |
| 650 | 0 | 0 | |a Iglesia Católica |9 256114 |
| 651 | 7 | |a CHILE |2 CL-VaPUC |9 620554 | |
| 942 | |c BK | ||
| 945 | |a vberengu |d 20040312 00:00:00 | ||
| 546 | |a En Español | ||
| 536 | |a Secretaría General del Episcopado | ||
| 518 | |p Encuentro de Obispos y Sacerdotes, 1, Santiago, 11 al 15 de diciembre de 1967 | ||
| 999 | |c 384016 |d 384014 | ||
| 952 | |0 0 |1 0 |4 0 |6 262_142000000000000_GAR_1967 |7 0 |8 A |9 506380 |a BIBTEO |b BIBTEO |d 2020-01-23 |i 338327K |o 262.142 GAR 1967 |p 338327K |r 2025-01-17 |w 2020-01-23 |y BK |k ICR | ||
| 952 | |0 0 |1 0 |4 0 |6 262_142000000000000_GAR_1967 |7 0 |8 X |9 506381 |a FDOBUD |b FDOBUD |d 2020-01-23 |i 4442466 |o 262.142 GAR 1967 |p 4442466 |r 2020-01-23 |w 2020-01-23 |y BK_X |k BUD | ||
| 952 | |0 0 |1 0 |4 0 |6 262_142000000000000_GAR_1967 |7 0 |8 X |9 506382 |a FDOBUD |b FDOBUD |d 2020-01-23 |i 4442385 |o 262.142 GAR 1967 |p 4442385 |r 2020-01-23 |w 2020-01-23 |y BK_X |k BUD | ||
| 952 | |0 0 |1 0 |4 0 |6 262_142000000000000_GAR_1967 |7 0 |8 X |9 506383 |a FDOBUD |b FDOBUD |d 2020-01-23 |i 4442377 |o 262.142 GAR 1967 |p 4442377 |r 2020-01-23 |w 2020-01-23 |y BK_X |k BUD | ||